| 000 | 00537nam a2200157 a 4500 | ||
|---|---|---|---|
| 001 | 1156 | ||
| 003 | CDMR | ||
| 005 | 20130412131803.0 | ||
| 008 | 130130s2002||||||||||||||||||||||||||||d | ||
| 040 |
_aCDMR _bcat _cCDMR |
||
| 111 | 2 |
_aJornades Parlamentàries sobre Mitjans de Comunicació Audiovisual _cBarcelona _d2001 _n4es _9738 |
|
| 245 | 1 | 4 | _aEls valors del servei públic audiovisual en l'era de la liberalització |
| 260 |
_aBarcelona _c2002 _bParlament de Catalunya |
||
| 650 | 0 | 4 |
_93110 _aComunicació audiovisual pública |
| 942 |
_cMON _2udc |
||
| 999 |
_c1156 _d1156 |
||